000 00286nam a2200121Ia 4500
008 170620s9999 xx 000 0 und d
100 _aAGARWAL -S.P.
245 0 _aPHARMACEUTICAL JURISPRUDENCE
260 _bBIRLA
260 _c2007
300 _a152
546 _aEnglish
690 _aPHARMACEUTICAL JURISPRUDENCE
999 _c30934
_d30934